[Event "XXXIX C.to Italiano femminile"]
[Site "Acqui Terme ITA"]
[Date "2012.07.27"]
[Round "6"]
[White "Gueci, Laura"]
[Black "Palmitessa, Chiara"]
[WhiteElo "1842"]
[BlackElo "1952"]
[Result "1-0"]
[PlyCount "93"]
[EventDate "2012.07.23"]

1. c4 Nf6 2. g3 g6 3. Bg2 Bg7 4. Nc3 O-O 5. d3 d6 6. Nf3 e5 7. O-O Nc6 8. Rb1
a5 9. a3 h6 10. b4 axb4 11. axb4 Nh5 12. b5 Ne7 13. Qb3 Kh7 14. Ba3 Be6 15. Nd2
Qc8 16. b6 c5 17. Nb5 Qd7 18. Nxd6 Qxd6 19. Bxb7 Rxa3 20. Qxa3 f5 21. Bg2 Rb8
22. b7 Nf6 23. Rb5 Nd7 24. Nb3 e4 25. Nd2 Bf7 26. Rfb1 Nc6 27. Qa6 Be5 28. Nxe4
fxe4 29. Bxe4 Nd4 30. Qxd6 Bxd6 31. R5b2 Ne6 32. f4 Kg7 33. Bc6 Be8 34. e4 Nd4
35. Bd5 Bf7 36. e5 Bxd5 37. cxd5 Nxe5 38. fxe5 Bxe5 39. Ra2 Nf5 40. Ra8 Bc7 41.
Rxb8 Bxb8 42. Ra1 Ne7 43. Ra8 Bc7 44. Rc8 Bd6 45. Rd8 Be5 46. d6 Nc6 47. Rc8
1-0

[Event "XXXIX C.to Italiano femminile"]
[Site "Acqui Terme ITA"]
[Date "2012.07.27"]
[Round "6"]
[White "Gueci, Tea"]
[Black "Barbiso, Tiziana"]
[WhiteElo "1926"]
[BlackElo "2048"]
[Result "1-0"]
[PlyCount "106"]
[EventDate "2012.07.23"]

1. e4 c5 2. Nf3 d6 3. d4 cxd4 4. Nxd4 Nf6 5. Nc3 a6 6. f3 e5 7. Nb3 Be6 8. Be3
Be7 9. Qd2 Nbd7 10. O-O-O O-O 11. g4 Nb6 12. g5 Nh5 13. Kb1 Rc8 14. Rg1 g6 15.
h4 Nc4 16. Bxc4 Bxc4 17. Nd5 Bxd5 18. Qxd5 Qc7 19. Rg2 b5 20. Nc1 Kh8 21. Nd3
f6 22. f4 exf4 23. Bxf4 fxg5 24. Bxg5 Bxg5 25. hxg5 Nf4 26. Nxf4 Rxf4 27. a3
Qc4 28. Qxd6 Rf1 29. Rh2 Rcf8 30. Qe5+ Kg8 31. Rhd2 Rxd1+ 32. Rxd1 Rf1 33. Qe8+
Kg7 34. Qe7+ Kg8 35. Qd8+ Kg7 36. e5 Qe2 37. Qd7+ Kg8 38. Qd5+ Kg7 39. Rxf1
Qxf1+ 40. Ka2 Qc4+ 41. Qxc4 bxc4 42. b4 cxb3+ 43. Kxb3 h5 44. gxh6+ Kxh6 45. c4
Kg7 46. c5 Kf7 47. c6 Ke7 48. Kc4 Kd8 49. Kd5 g5 50. Kd6 g4 51. c7+ Kc8 52. e6
g3 53. e7 g2 1-0

[Event "XXXIX C.to Italiano femminile"]
[Site "Acqui Terme ITA"]
[Date "2012.07.27"]
[Round "6"]
[White "Messina, Roberta"]
[Black "Santeramo, Alessia Carmen"]
[WhiteElo "1961"]
[BlackElo "1834"]
[Result "0-1"]
[PlyCount "78"]
[EventDate "2012.07.23"]

1. c4 e5 2. Nf3 Nc6 3. d3 Nf6 4. a3 d5 5. cxd5 Nxd5 6. e3 Be7 7. Be2 O-O 8. O-O
Be6 9. Qc2 f5 10. Nc3 Bf6 11. Rd1 g5 12. Nxd5 Bxd5 13. e4 Be6 14. d4 Nxd4 15.
Nxd4 exd4 16. exf5 Bd5 17. Rb1 b6 18. b4 Qd6 19. Bb2 c5 20. Rbc1 Be5 21. g3
Rac8 22. Ba6 Rc7 23. Qd2 Rxf5 24. Bd3 Bf4 25. gxf4 Rxf4 26. Bc4 Rg4+ 27. Kf1
Bxc4+ 28. Rxc4 Qxh2 29. Bxd4 Rg1+ 30. Ke2 Qh5+ 31. f3 Rg2+ 32. Bf2 Re7+ 33. Qe3
Rxe3+ 34. Kxe3 Qh2 35. Rd2 Qe5+ 36. Kd3 Qd5+ 37. Kc3 Qxf3+ 38. Rd3 Qxf2 39.
bxc5 Qb2# 0-1

[Event "XXXIX C.to Italiano femminile"]
[Site "Acqui Terme ITA"]
[Date "2012.07.27"]
[Round "6"]
[White "Paolillo, Gaia"]
[Black "Reginato, Sabrina"]
[WhiteElo "1871"]
[BlackElo "1988"]
[Result "0-1"]
[PlyCount "97"]
[EventDate "2012.07.23"]

1. e4 c6 2. d4 d5 3. exd5 cxd5 4. Bd3 Nc6 5. c3 Qc7 6. Ne2 Bg4 7. f3 Bd7 8. Bf4
e5 9. Bg3 Bd6 10. O-O Nge7 11. Qc2 h5 12. dxe5 Nxe5 13. Nd4 h4 14. Nb5 Bxb5 15.
Bxb5+ Kf8 16. Bf2 h3 17. g3 Nxf3+ 18. Kh1 d4 19. Qe2 Ng5 20. Bxd4 a6 21. Be3
axb5 22. Bxg5 Qc6+ 23. Qf3 Rh5 24. Bxe7+ Bxe7 25. Nd2 Re5 26. Rf2 Bc5 27. Qxc6
bxc6 28. Nf3 Rd5 29. Re2 f6 30. a3 Rad8 31. Rae1 g5 32. Re6 Rf5 33. Ng1 g4 34.
b4 Bf2 35. Rc1 Rd2 36. Re2 Rfd5 37. Rf1 Bxg1 38. Rxd2 Rxd2 39. Kxg1 Kf7 40. Rf2
Rd1+ 41. Rf1 Rd3 42. c4 Rxa3 43. cxb5 cxb5 44. Rf5 Ra1+ 45. Kf2 Rh1 46. Rf4
Rxh2+ 47. Ke3 Rh1 48. Rxg4 h2 49. Kd4 0-1

[Event "XXXIX C.to Italiano femminile"]
[Site "Acqui Terme ITA"]
[Date "2012.07.28"]
[Round "7"]
[White "Anselmi, Beatrice"]
[Black "Messina, Roberta"]
[WhiteElo "1719"]
[BlackElo "1961"]
[Result "0-1"]
[PlyCount "66"]
[EventDate "2012.07.23"]

1. e4 c5 2. Nf3 e6 3. d4 cxd4 4. Nxd4 Nf6 5. Nc3 d6 6. f3 a6 7. Be3 b5 8. Qd2
Bb7 9. O-O-O Nbd7 10. Kb1 Rc8 11. g4 Nb6 12. h4 Nfd7 13. Qf2 Nc4 14. Bc1 Qa5
15. Bxc4 Rxc4 16. g5 b4 17. Nce2 d5 18. Nb3 Qc7 19. exd5 Bxd5 20. Qe3 Be7 21.
Ned4 Qe5 22. Qd3 Nc5 23. Qd2 Nxb3 24. axb3 Rc8 25. f4 Qc7 26. Rhf1 O-O 27. h5
Rfd8 28. Qh2 Bxg5 29. Qg1 Bf6 30. Qf2 Be4 31. h6 Bxd4 32. Rxd4 Bxc2+ 33. Ka1
Qa5# 0-1

[Event "XXXIX C.to Italiano femminile"]
[Site "Acqui Terme ITA"]
[Date "2012.07.28"]
[Round "7"]
[White "Arnetta, Maria Teresa"]
[Black "Gueci, Laura"]
[WhiteElo "2013"]
[BlackElo "1842"]
[Result "0-1"]
[PlyCount "78"]
[EventDate "2012.07.23"]

1. e4 c5 2. f4 d5 3. Nc3 e6 4. Bb5+ Nc6 5. Nf3 Nf6 6. Bxc6+ bxc6 7. d3 g6 8.
O-O Bg7 9. Qe1 O-O 10. Qh4 Nd7 11. Qf2 Rb8 12. Kh1 Ba6 13. Re1 Re8 14. g4 Qc7
15. Qh4 c4 16. d4 c5 17. e5 cxd4 18. Nxd4 f6 19. f5 Nxe5 20. Nxe6 Rxe6 21. fxe6
d4 22. Ne4 Bb7 23. Qg3 f5 24. gxf5 gxf5 25. Bh6 fxe4 26. Rf1 Rc8 27. Rf7 e3+
28. Kg1 Nf3+ 29. Rxf3 Bxf3 30. Bf4 Qb7 31. Rf1 Bh5 32. Be5 e2 33. Rf5 Bg6 34.
Rf7 e1=Q+ 35. Qxe1 Bxf7 36. Bxg7 Kxg7 37. Qg3+ Bg6 38. Qe5+ Kg8 39. e7 Qe4 0-1

[Event "XXXIX C.to Italiano femminile"]
[Site "Acqui Terme ITA"]
[Date "2012.07.28"]
[Round "7"]
[White "Barbiso, Tiziana"]
[Black "Monticone, Sonia"]
[WhiteElo "2048"]
[BlackElo "1882"]
[Result "0-1"]
[PlyCount "94"]
[EventDate "2012.07.23"]

1. e4 c5 2. Nf3 e6 3. d4 cxd4 4. Nxd4 a6 5. Nc3 Qc7 6. Be2 Nf6 7. O-O b6 8. f4
d6 9. Bf3 Bb7 10. Kh1 Be7 11. Be3 Nbd7 12. Nb3 O-O 13. g4 Nc5 14. Nxc5 dxc5 15.
g5 Rfd8 16. Qe2 Ne8 17. a4 Nd6 18. Bg2 g6 19. Bg1 Rab8 20. Qg4 b5 21. Rae1 bxa4
22. Nxa4 Bc6 23. Nxc5 Rxb2 24. Nxe6 fxe6 25. Qxe6+ Nf7 26. f5 Qd7 27. Qc4 Rb4
28. Qc3 Bb5 29. fxg6 hxg6 30. Rf2 Rc8 31. Qg3 Qc7 32. e5 Qc3 33. Bd5 Bc6 34.
Qg2 Bxd5 35. Qxd5 Qc6 36. Rd2 Qxd5+ 37. Rxd5 Rb5 38. Rd7 Bb4 39. Re2 Rxe5 40.
Rf2 Rf8 41. Rf6 Rxg5 42. Rxa6 Ne5 43. Rd5 Rf1 44. Ra8+ Kf7 45. Ra7+ Ke6 46.
Rxe5+ Kxe5 47. h4 Rfxg1+ 0-1

[Event "XXXIX C.to Italiano femminile"]
[Site "Acqui Terme ITA"]
[Date "2012.07.28"]
[Round "7"]
[White "Reginato, Sabrina"]
[Black "Gueci, Tea"]
[WhiteElo "1988"]
[BlackElo "1926"]
[Result "1-0"]
[PlyCount "107"]
[EventDate "2012.07.23"]

1. e4 c5 2. Nf3 d6 3. c3 Nf6 4. Be2 Nc6 5. d3 g6 6. O-O Bg7 7. d4 e6 8. Qc2 O-O
9. dxc5 dxc5 10. Be3 b6 11. h3 Qc7 12. a4 Bb7 13. Na3 a6 14. Nc4 Rfd8 15. Rfd1
Rac8 16. Bg5 Rd7 17. Bxf6 Rxd1+ 18. Rxd1 Bxf6 19. Qb3 Na5 20. Qxb6 Nxc4 21.
Qxc7 Rxc7 22. Bxc4 Bxe4 23. Bxa6 Bc6 24. Bb5 Bxb5 25. axb5 Rb7 26. c4 Bxb2 27.
Rd6 Kf8 28. Rc6 Ba3 29. Ne5 Ke7 30. Nd3 Kd7 31. Nxc5+ Bxc5 32. Rxc5 Rb6 33. Kf1
Kd6 34. Rc8 Kd7 35. Ra8 Rb7 36. Ke2 Kd6 37. Kd3 Kc5 38. Kc3 Rc7 39. Ra6 h6 40.
f4 g5 41. g3 Rc8 42. Ra7 f6 43. Rf7 f5 44. Rf6 Kd6 45. Rxh6 gxf4 46. gxf4 Rg8
47. Rh7 Rg1 48. b6 Rc1+ 49. Kd3 Rb1 50. b7 Kc6 51. Kd4 Kd6 52. c5+ Kc6 53. Ke5
Kxc5 54. Rc7+ 1-0

[Event "XXXIX C.to Italiano femminile"]
[Site "Acqui Terme ITA"]
[Date "2012.07.28"]
[Round "7"]
[White "Santeramo, Alessia Carmen"]
[Black "Colantuono, Virginia"]
[WhiteElo "1834"]
[BlackElo "1866"]
[Result "1/2-1/2"]
[PlyCount "48"]
[EventDate "2012.07.23"]

1. e4 c5 2. Nf3 d6 3. d4 cxd4 4. Nxd4 Nf6 5. Nc3 a6 6. Bc4 e6 7. O-O Nbd7 8.
Bb3 Nc5 9. f3 Be7 10. Be3 O-O 11. Qe1 Qc7 12. g4 b5 13. g5 Nfd7 14. h4 Nxb3 15.
cxb3 Bb7 16. h5 b4 17. Nce2 d5 18. exd5 Bxd5 19. Qg3 Qxg3+ 20. Nxg3 Bd6 21.
Nge2 Rac8 22. Rad1 Bb8 23. Nf4 Bxf4 24. Bxf4 Rfd8 1/2-1/2

[Event "XXXIX C.to Italiano femminile"]
[Site "Acqui Terme ITA"]
[Date "2012.07.29"]
[Round "8"]
[White "Arnetta, Maria Teresa"]
[Black "Santeramo, Alessia Carmen"]
[WhiteElo "2013"]
[BlackElo "1834"]
[Result "1-0"]
[PlyCount "55"]
[EventDate "2012.07.23"]

1. e4 c5 2. Nf3 e6 3. c3 d5 4. e5 d4 5. g3 Nc6 6. Bg2 Qc7 7. Qe2 Nge7 8. Na3 a6
9. O-O Nd5 10. Nc2 dxc3 11. dxc3 Be7 12. Re1 O-O 13. Qe4 h6 14. Ne3 Nxe3 15.
Bxe3 Rb8 16. Bf1 f5 17. exf6 Rxf6 18. Bd3 Bd6 19. Rad1 Ne7 20. Qh7+ Kf7 21. Nh4
c4 22. Bxc4 Qxc4 23. Rxd6 b5 24. Rd4 Qc6 25. Rg4 Ke8 26. Rxg7 Nd5 27. Ng6 Rxg6
28. Qh8# 1-0

[Event "XXXIX C.to Italiano femminile"]
[Site "Acqui Terme ITA"]
[Date "2012.07.29"]
[Round "8"]
[White "Chiarion, Elisa"]
[Black "Barbiso, Tiziana"]
[WhiteElo "2004"]
[BlackElo "2048"]
[Result "1/2-1/2"]
[PlyCount "95"]
[EventDate "2012.07.23"]

1. e4 e6 2. d4 d5 3. Nc3 Nf6 4. e5 Nfd7 5. Qh5 c5 6. Nf3 g6 7. Qg4 Nc6 8. Bg5
Qb6 9. O-O-O h6 10. Be3 Nxd4 11. Nxd4 cxd4 12. Bxd4 Bc5 13. Bxc5 Nxc5 14. Qf4
Bd7 15. Rd4 O-O-O 16. b4 Na4 17. Nxa4 Bxa4 18. b5 g5 19. Qd2 Bxb5 20. Qb4 Bxf1
21. Qxb6 axb6 22. Rxf1 Kc7 23. f4 Rh7 24. f5 Ra8 25. Kb2 Ra5 26. fxe6 fxe6 27.
Rf6 Kd7 28. Rd3 Rc5 29. c3 Rc4 30. Rd4 b5 31. Kb3 Ke7 32. a3 h5 33. Rg6 g4 34.
Rg5 Kf7 35. h3 gxh3 36. gxh3 Rh8 37. Rd3 h4 38. Rf3+ Ke8 39. Rf6 Rf8 40. Rxe6+
Kd7 41. Rd6+ Kc7 42. Rg7+ Kb8 43. Rb6 Rf3 44. Rgxb7+ Kc8 45. Rb8+ Kc7 46. R6b7+
Kc6 47. Rb6+ Kc7 48. R6b7+ 1/2-1/2

[Event "XXXIX C.to Italiano femminile"]
[Site "Acqui Terme ITA"]
[Date "2012.07.29"]
[Round "8"]
[White "Gueci, Laura"]
[Black "Reginato, Sabrina"]
[WhiteElo "1842"]
[BlackElo "1988"]
[Result "1/2-1/2"]
[PlyCount "28"]
[EventDate "2012.07.23"]

1. c4 c6 2. Nf3 d5 3. g3 Nf6 4. Bg2 g6 5. b3 Bg7 6. Bb2 O-O 7. O-O Nbd7 8. d3
Re8 9. Nbd2 e5 10. Qc2 e4 11. dxe4 Nxe4 12. Bxg7 Kxg7 13. cxd5 cxd5 14. Nd4
Nxd2 1/2-1/2

[Event "XXXIX C.to Italiano femminile"]
[Site "Acqui Terme ITA"]
[Date "2012.07.29"]
[Round "8"]
[White "Messina, Roberta"]
[Black "Palmitessa, Chiara"]
[WhiteElo "1961"]
[BlackElo "1952"]
[Result "0-1"]
[PlyCount "106"]
[EventDate "2012.07.23"]

1. c4 e5 2. Nc3 Nc6 3. g3 d6 4. Bg2 f5 5. d3 Nf6 6. e4 Be7 7. Nge2 O-O 8. O-O
Qe8 9. Nd5 Nxd5 10. cxd5 Nb8 11. Nc3 f4 12. b4 Qg6 13. Bf3 Bh3 14. Bh5 Qf6 15.
Bg4 Bxf1 16. Qxf1 Kh8 17. Bd2 c6 18. Rc1 Na6 19. b5 cxb5 20. Nxb5 Nc5 21. Qe2
Qg6 22. Bh5 Qg5 23. Nc7 Rac8 24. Rxc5 dxc5 25. Ne6 Qf6 26. gxf4 Rg8 27. f5 Qh4
28. d6 Bf6 29. f4 g6 30. fxg6 Rxg6+ 31. Bxg6 hxg6 32. Be1 Qh3 33. d7 Rg8 34.
fxe5 Qxe6 35. exf6 Qxf6 36. e5 Qe6 37. Qe3 Kg7 38. Bh4 Qxd7 39. Qxc5 Rc8 40.
Qe3 Qg4+ 41. Bg3 Qd1+ 42. Kg2 Rc2+ 43. Kh3 Qh5+ 44. Bh4 Qf5+ 45. Kg3 Rc3 46.
Bf6+ Kf7 47. e6+ Kxf6 48. Kg2 Qxe6 49. Qf4+ Kg7 50. Qd4+ Qf6 51. Qd7+ Kf8 52.
Qg4 Rc2+ 53. Kh3 Qf5 0-1

[Event "XXXIX C.to Italiano femminile"]
[Site "Acqui Terme ITA"]
[Date "2012.07.29"]
[Round "8"]
[White "Monticone, Sonia"]
[Black "Gueci, Tea"]
[WhiteElo "1882"]
[BlackElo "1926"]
[Result "1/2-1/2"]
[PlyCount "40"]
[EventDate "2012.07.23"]

1. e4 c5 2. Nf3 d6 3. d4 cxd4 4. Nxd4 Nf6 5. Nc3 a6 6. Be3 e5 7. Nb3 Be6 8. f4
exf4 9. Bxf4 Nc6 10. Qe2 Be7 11. h3 Nd7 12. O-O-O Nce5 13. Nd4 O-O 14. Nf5 Bxf5
15. exf5 Rc8 16. g4 Qa5 17. Qe3 b5 18. Kb1 Nb6 19. Nd5 Nxd5 20. Rxd5 Rc7
1/2-1/2